[Event "34th Chess Olympiad (women)"]
[Site "Istanbul"]
[Date "2000.11.12"]
[Round "14.14.1"]
[White "Pokorna, Regina"]
[Black "Lagvilava, Genrieta"]
[WhiteElo "2363"]
[BlackElo "2318"]
[WhiteCountry "SVK"]
[BlackCountry "BLR"]
[Result "1-0"]

1. e4 c6 2. d4 d5 3. exd5 cxd5 4. c4 Nf6 5. Nc3 e6 6. Nf3 Be7 7. Bd3 Nc6 
8. O-O O-O 9. a3 dxc4 10. Bxc4 b6 11. Qd3 Bb7 12. Rd1 Rc8 13. Ba2 Qd6 
14. Bg5 Rfd8 15. Rac1 h6 16. Bh4 Nh5 17. Ne4 Qf4 18. Bg3 Nxg3 19. hxg3 Qg4 
20. Bb1 Kf8 21. Qe3 Qh5 22. Bd3 Qd5 23. Nc3 Qh5 24. Be4 Bg5 25. Nxg5 hxg5 
26. Nb5 Ba8 27. f3 g4 28. Nc3 gxf3 29. Bxf3 Qg6 30. Kf2 Ne7 31. Qf4 Bxf3 
32. gxf3 Rc4 33. b3 Rxc3 34. Rxc3 Nd5 35. Qh4 Ke8 36. Rcc1 f5 37. Rh1 Kd7 
38. Rhe1 Qf7 39. Re5 Rg8 40. Qg5 Rh8 41. Kg2 Rh5 42. Rxd5+ exd5 43. Qf4 Qe6 
44. Qc7+ Ke8 45. Qc8+ Qxc8 46. Rxc8+ Kf7 47. Rc7+ Kg8 48. Rxa7 Rh6 49. Rd7 Rc6 
50. Rxd5 Rc2+ 51. Kf1 Rc3 52. Rb5 Rxf3+ 53. Kg2 Rd3 54. Rxb6 Rxd4 55. a4 Kf7 
56. a5 g5 57. a6 Rd2+ 58. Kf3 Ra2 59. b4 Ra3+ 60. Kf2 Ra2+ 61. Ke3 Ra3+ 
62. Kd4 Rxg3 63. Rb5 Rg4+ 64. Ke5 Kg6 65. a7 Re4+ 66. Kd5 
1-0

[Event "34th Chess Olympiad (women)"]
[Site "Istanbul"]
[Date "2000.11.12"]
[Round "14.14.2"]
[White "Popova, Natalija"]
[Black "Hagarova, Zuzana"]
[WhiteElo "2297"]
[BlackElo "2321"]
[WhiteCountry "BLR"]
[BlackCountry "SVK"]
[Result "1/2-1/2"]

1. e4 c5 2. d3 e6 3. Nf3 Nc6 4. g3 d5 5. Nbd2 g6 6. Bg2 Bg7 7. O-O Nge7 
8. Re1 b6 9. c3 a5 10. d4 cxd4 11. Nxd4 Nxd4 12. cxd4 O-O 13. e5 Ba6 
14. Nf3 Rc8 15. Bg5 h6 16. Be3 Nf5 17. Qd2 Qd7 18. g4 Nxe3 19. Rxe3 Rc6 
20. Rc1 Rxc1+ 21. Qxc1 Rc8 22. Rc3 Rxc3 23. Qxc3 Qa4 24. a3 Bf8 25. h3 Be2 
26. Ne1 Bc4 27. Bf3 b5 28. Qc1 b4 29. Bd1 Bb3 30. Bxb3 Qxb3 31. axb4 Bxb4 
32. Kg2 a4 33. Nf3 Kg7 34. h4 Qd3 35. Kg3 Qc4 36. Qd1 Ba5 37. Kg2 Qa2 
38. Qc1 Bb4 39. h5 g5 40. Nxg5 hxg5 41. Qxg5+ Kh7 42. Qf6 Kg8 43. Qg5+ Kh7 
44. Qf6 
1/2-1/2

[Event "34th Chess Olympiad (women)"]
[Site "Istanbul"]
[Date "2000.11.12"]
[Round "14.14.3"]
[White "Chorvatova, Elena"]
[Black "Zagorskaya, Tatiana"]
[WhiteElo "2077"]
[BlackElo "2125"]
[WhiteCountry "SVK"]
[BlackCountry "BLR"]
[Result "0-1"]

1. e4 e5 2. Nf3 Nc6 3. d4 exd4 4. Nxd4 Qf6 5. Be3 Bc5 6. c3 Qg6 7. Qe2 Bxd4 
8. cxd4 Nf6 9. Nc3 O-O 10. f3 d6 11. Qd2 Ne8 12. Bd3 f5 13. O-O-O Nf6 
14. h3 Bd7 15. g4 fxe4 16. fxe4 Qf7 17. Rdf1 Qe7 18. Bg5 Nxd4 19. Bc4+ Ne6 
20. Nd5 Qd8 21. Nxf6+ gxf6 22. Bh6 Rf7 23. g5 fxg5 24. Rxf7 Kxf7 25. Bxe6+ Bxe6 
26. Bxg5 Qg8 27. Rf1+ Ke8 28. b3 Kd7 29. Bh6 Qg6 30. e5 d5 31. h4 Rg8 
32. Bg5 b6 33. Qb4 Kc8 34. Rf6 Qe8 35. Qc3 Kb7 36. Kb2 a5 37. Qc2 Qd7 
38. Qc3 Ra8 39. a4 Re8 40. Qd3 Rg8 41. Qc2 Re8 42. Qd3 d4 43. Rf4 c5 
44. Rf2 Rc8 45. Rd2 Ka7 46. Qe4 Qf7 47. Qc2 c4 48. Rxd4 cxb3 49. Qd1 Rc2+ 
50. Kb1 Bf5 
0-1

[Event "34th Chess Olympiad (women)"]
[Site "Istanbul"]
[Date "2000.11.12"]
[Round "14.15.1"]
[White "Babaeva, Fanara"]
[Black "Botsari, Anna-Maria"]
[WhiteElo "2257"]
[BlackElo "2325"]
[WhiteCountry "AZE"]
[BlackCountry "GRE"]
[Result "1/2-1/2"]

1. e4 c5 2. c3 d5 3. exd5 Qxd5 4. d4 Nf6 5. Nf3 e6 6. Na3 Nc6 7. Nb5 Qd8 
8. dxc5 Bxc5 9. Qxd8+ Kxd8 10. Bf4 Nd5 11. O-O-O Ke7 12. Bg3 a6 13. Nbd4 Nxd4 
14. Nxd4 Rd8 15. Be2 Bd7 16. Bf3 Ba4 17. Rd2 Kf8 18. Nb3 Be7 19. Bxd5 exd5 
20. Rhd1 Bf6 21. f3 d4 22. cxd4 Rd5 23. Kb1 Re8 24. Re1 Rxe1+ 25. Bxe1 Bxb3 
26. axb3 Rxd4 27. Rxd4 Bxd4 
1/2-1/2

[Event "34th Chess Olympiad (women)"]
[Site "Istanbul"]
[Date "2000.11.12"]
[Round "14.15.2"]
[White "Makropoulou, Marina"]
[Black "Shukurova, Meihriban"]
[WhiteElo "2284"]
[BlackElo "2255"]
[WhiteCountry "GRE"]
[BlackCountry "AZE"]
[Result "1-0"]

1. e4 e5 2. Nf3 Nc6 3. d4 exd4 4. Nxd4 Bc5 5. Nxc6 Qf6 6. Qd2 dxc6 7. Nc3 Be6 
8. Na4 Rd8 9. Bd3 Bd4 10. O-O Ne7 11. c3 b5 12. cxd4 Qxd4 13. Qc2 Qxa4 
14. Qxa4 bxa4 15. Be2 Rb8 16. b3 axb3 17. axb3 Bxb3 18. Rxa7 O-O 19. Rxc7 Rfe8 
20. Be3 Rbc8 21. Rb7 Be6 22. Bc5 Ng6 23. f4 f5 24. g4 Nh8 25. gxf5 Bxf5 
26. Ra1 Be6 27. Raa7 Nf7 28. f5 
1-0

[Event "34th Chess Olympiad (women)"]
[Site "Istanbul"]
[Date "2000.11.12"]
[Round "14.15.3"]
[White "Mammadyarova, Zaynab"]
[Black "Fakhiridou, Ekaterini"]
[WhiteElo "2173"]
[BlackElo "2277"]
[WhiteCountry "AZE"]
[BlackCountry "GRE"]
[Result "1-0"]

1. d4 f5 2. Nf3 Nf6 3. Bf4 g6 4. e3 Bg7 5. Bd3 O-O 6. Nbd2 d6 7. c3 Qe8 
8. Bg3 Nh5 9. Be2 e5 10. Ng5 f4 11. Bh4 fxe3 12. fxe3 exd4 13. Qb3+ Kh8 
14. cxd4 Nc6 15. Bf2 Nxd4 16. exd4 Nf4 17. O-O Nxe2+ 18. Kh1 h6 19. Ngf3 Nf4 
20. Rae1 Qc6 21. Rc1 Qb6 22. Qxb6 axb6 23. Rxc7 Rxa2 24. Bg3 Nd5 25. Rcc1 Rxb2 
26. Bxd6 Re8 27. Nc4 Ra2 28. Be5 Bg4 29. Nh4 Be2 30. Rf7 Bxc4 31. Nxg6+ 
1-0

[Event "34th Chess Olympiad (women)"]
[Site "Istanbul"]
[Date "2000.11.12"]
[Round "14.16.1"]
[White "Klinova, Masha"]
[Black "Geldyeva, Mexnri"]
[WhiteElo "2350"]
[BlackElo "2283"]
[WhiteCountry "ISR"]
[BlackCountry "TKM"]
[Result "1/2-1/2"]

1. e4 e6 2. d3 d5 3. Nd2 Nf6 4. Ngf3 dxe4 5. dxe4 Nc6 6. c3 a5 7. Bb5 Bd7 
8. O-O Bc5 9. a4 O-O 10. e5 Nd5 11. Ne4 Be7 12. Qc2 Nb8 13. Neg5 g6 14. Qe4 Kg7 
15. h4 Bxb5 16. axb5 Nd7 17. h5 Nc5 18. Qg4 Qd7 19. Qh3 h6 20. Nxf7 Rxf7 
21. hxg6 Nf4 22. Qh2 Ne2+ 23. Kh1 Nxc1 24. gxf7 N1d3 25. Nd4 Ne4 26. Qh5 Bg5 
27. Qf3 Nexf2+ 28. Rxf2 Nxf2+ 29. Qxf2 Qxf7 30. Rf1 Qxf2 31. Nxe6+ Kf7 
32. Nxg5+ hxg5 33. Rxf2+ Ke6 34. g4 a4 35. Rf6+ Kxe5 36. Rf5+ Kd6 37. Rxg5 a3 
38. bxa3 Rxa3 39. c4 Ra2 40. Rd5+ Ke6 41. g5 b6 42. Kg1 Ra4 43. g6 Kf6 
44. g7 Kxg7 45. Rd7+ Kf6 46. Rxc7 Ke5 
1/2-1/2

[Event "34th Chess Olympiad (women)"]
[Site "Istanbul"]
[Date "2000.11.12"]
[Round "14.16.2"]
[White "Atbashieva, Guldjahan"]
[Black "Pitam, Ela"]
[WhiteElo "2243"]
[BlackElo "2323"]
[WhiteCountry "TKM"]
[BlackCountry "ISR"]
[Result "0-1"]

1. e4 e6 2. d3 d5 3. Nd2 Nf6 4. c3 c5 5. Ngf3 Nc6 6. Qe2 b6 7. e5 Nd7 
8. Nb3 Qc7 9. Bf4 Be7 10. g3 a5 11. Rd1 h6 12. h4 Ba6 13. Nc1 O-O-O 
14. Bg2 Rdg8 15. c4 dxc4 16. dxc4 Bb7 17. Kf1 g5 18. hxg5 hxg5 19. Rxh8 Rxh8 
20. Bxg5 Bxg5 21. Nxg5 Nd4 22. Rxd4 cxd4 23. Nxf7 Bxg2+ 24. Kxg2 Qc6+ 
25. f3 Rf8 26. Nd6+ Kb8 27. Nb5 d3 28. Nxd3 Qxc4 29. Nd6 Qd5 30. Qe3 Ka7 
31. a4 Qc6 32. Nb5+ Kb8 33. Qe2 Rc8 34. Nc3 Qc4 35. Qe3 Nc5 36. Nf2 Rd8 
37. Qg5 Qd4 38. Nb5 Qd2 39. Qe7 Qd7 40. Qh4 Rf8 41. Nd6 Qc6 42. Nfe4 Nd3 
43. f4 Qc2+ 44. Kh3 Qd1 45. Kh2 Qe2+ 46. Kh3 Qf1+ 47. Kg4 Rg8+ 48. Ng5 Qe2+ 
49. Kh3 Nf2+ 50. Kg2 Ng4+ 51. Kh3 Ne3 52. Qh7 Qg2+ 
0-1

[Event "34th Chess Olympiad (women)"]
[Site "Istanbul"]
[Date "2000.11.12"]
[Round "14.16.3"]
[White "Borsuk, Angela"]
[Black "Ovezova, Maisa"]
[WhiteElo "2303"]
[BlackElo "2174"]
[WhiteCountry "ISR"]
[BlackCountry "TKM"]
[Result "1-0"]

1. d4 g6 2. c4 Bg7 3. Nc3 d6 4. e4 Nd7 5. Nge2 e5 6. d5 Ngf6 7. Ng3 O-O 
8. Be2 h5 9. Bg5 Qe8 10. Nb5 Qd8 11. Qd2 a6 12. Nc3 Qe8 13. h4 Kh7 14. Nf1 Ng8 
15. g4 Ndf6 16. f3 hxg4 17. h5 gxh5 18. Ng3 gxf3 19. Nxh5 Nxh5 20. Rxh5+ Kg6 
21. Bxf3 f5 22. Qg2 Kf7 23. Rh7 
1-0

[Event "34th Chess Olympiad (women)"]
[Site "Istanbul"]
[Date "2000.11.12"]
[Round "14.17.1"]
[White "Mazakova, Petra"]
[Black "Caoili, Arianne"]
[WhiteElo "2319"]
[BlackElo "2113"]
[WhiteCountry "CZE"]
[BlackCountry "PHI"]
[Result "0-1"]

1. e4 c5 2. c3 d5 3. exd5 Qxd5 4. d4 g6 5. Na3 a6 6. dxc5 Qxc5 7. Be3 Qc7 
8. Nc4 Nd7 9. a4 Bg7 10. a5 Nh6 11. Qd2 Nf5 12. Nb6 Rb8 13. Nxd7 Bxd7 
14. Bb6 Qe5+ 15. Ne2 Bh6 16. f4 Qe6 17. O-O-O Rc8 18. g3 Nd6 19. Nd4 Qa2 
20. Bd3 Qa1+ 21. Bb1 Nc4 22. Nb3 Qa4 23. Qd4 e5 24. Rhe1 O-O 25. Qf2 Qxb3 
26. Rxd7 exf4 27. gxf4 Bxf4+ 28. Qxf4 Qxb2+ 29. Kd1 Qxb1+ 30. Qc1 Qb5 
31. Ree7 Qh5+ 32. Kc2 Qxh2+ 33. Kb3 Qh5 34. Qf4 Qb5+ 35. Kc2 Qb2+ 36. Kd1 Qb1+ 
37. Ke2 Qc2+ 38. Kf1 Qxc3 39. Bd4 Qd3+ 40. Ke1 Qb1+ 41. Kf2 Qf5 42. Qxf5 gxf5 
43. Rxb7 Nxa5 44. Rb1 Rc6 45. Re5 Rd8 46. Ba1 Rc2+ 47. Kg3 Rd3+ 48. Kf4 f6 
49. Re3 Rf2+ 50. Kg3 Rdd2 51. Re7 Rg2+ 52. Kh3 Rh2+ 53. Kg3 Rdg2+ 54. Kf3 Rf2+ 
55. Kg3 Nc6 56. Rc7 h5 57. Rc8+ Kf7 58. Rb7+ Ne7 59. Rc4 Rhg2+ 60. Kh4 Rh2+ 
61. Kg3 Rhg2+ 62. Kh4 Rg1 63. Rc3 Rh2+ 64. Rh3 Rg4+ 
0-1

[Event "34th Chess Olympiad (women)"]
[Site "Istanbul"]
[Date "2000.11.12"]
[Round "14.17.2"]
[White "Mendoza, Beverly"]
[Black "Jackova, Jana"]
[WhiteElo "2098"]
[BlackElo "2358"]
[WhiteCountry "PHI"]
[BlackCountry "CZE"]
[Result "0-1"]

1. e4 e5 2. Nf3 Nc6 3. Bb5 a6 4. Ba4 Nf6 5. Qe2 b5 6. Bb3 Be7 7. O-O O-O 
8. a4 b4 9. a5 Bb7 10. d3 h6 11. Nbd2 Re8 12. Nc4 Bf8 13. Ne3 Na7 14. Nf5 c5 
15. Ne3 Nc6 16. Nc4 Qc7 17. c3 Rad8 18. Nh4 d5 19. exd5 Nxd5 20. Bd2 Qd7 
21. Rad1 Be7 22. Qh5 Bf8 23. Nf5 Qe6 24. Rfe1 Qf6 25. Re4 Bc8 26. Ng3 g6 
27. Qh4 Qg7 28. Rde1 g5 29. Qh5 Nf6 30. Qf3 g4 31. Rxg4 Bxg4 32. Qxc6 Re6 
33. Qc7 Rd7 34. Qb8 Re8 35. Qb6 Re6 36. Qb8 Re8 37. Qb6 Rxd3 38. Bc2 Rdd8 
39. Bf5 Nd5 40. Qxa6 Nf4 41. Ne3 Bxf5 42. Nexf5 Qg6 43. Qb5 Rb8 44. Qc4 Qe6 
45. Qe4 Qd7 46. Bc1 Re6 47. Qf3 Qb7 48. Ne4 Qc7 49. g3 Nd5 50. c4 Ne7 
51. Ne3 Bg7 52. Nd5 Qxa5 53. Nef6+ Kh8 54. Nd7 Re8 55. Qxf7 Nxd5 56. cxd5 R6e7 
57. Qg6 Qd8 58. Nf6 Bxf6 59. Qxf6+ Rg7 60. Qxh6+ Rh7 61. Qg6 Rg8 62. Qe6 Re8 
63. Qg6 Rg7 64. Qf5 Qd7 65. Qh5+ Rh7 66. Bh6 Qe7 67. Re4 Rg8 68. Rxe5 Qf6 
69. Re6 Qxb2 70. Re8 Qc1+ 71. Bxc1 Rxh5 72. Re7 Rd8 73. Be3 Rhxd5 74. Rc7 b3 
75. Rb7 c4 76. Rb4 Rc8 77. Kg2 Rd1 78. h4 Kg8 79. g4 Rb1 80. Bd4 c3 81. Rb7 c2 
82. Be3 b2 83. Bd4 c1=Q 84. Rg7+ Kf8 85. h5 Qh1+ 86. Kg3 Rg1+ 87. Kf4 Rc4 
88. Rd7 Rd1 
0-1

[Event "34th Chess Olympiad (women)"]
[Site "Istanbul"]
[Date "2000.11.12"]
[Round "14.17.3"]
[White "Sikorova, Olga"]
[Black "Espallardo, Christine"]
[WhiteElo "2203"]
[BlackElo "2000"]
[WhiteCountry "CZE"]
[BlackCountry "PHI"]
[Result "1-0"]

1. d4 Nf6 2. Nc3 d6 3. e4 g6 4. Be3 Bg7 5. Qd2 a6 6. f3 O-O 7. g4 Nbd7 
8. O-O-O b5 9. h4 b4 10. Nb1 c5 11. h5 cxd4 12. Bxd4 Qa5 13. hxg6 hxg6 
14. a3 Rb8 15. axb4 Qxb4 16. c3 Qa5 17. Qh2 Qa2 18. Rd2 Bb7 19. Be3 Nc5 
20. Bxc5 dxc5 21. e5 Nh5 22. gxh5 Bh6 23. hxg6 Bxd2+ 24. Nxd2 
1-0

[Event "34th Chess Olympiad (women)"]
[Site "Istanbul"]
[Date "2000.11.12"]
[Round "14.18.2"]
[White "Te-Lallemand, Rosa"]
[Black "Fomina, Tatyana"]
[WhiteElo "2289"]
[BlackElo "2266"]
[WhiteCountry "FRA"]
[BlackCountry "EST"]
[Result "1/2-1/2"]

1. e4 c5 2. Nf3 e6 3. d4 cxd4 4. Nxd4 Nc6 5. Be2 Be7 6. Nc3 Qc7 7. Be3 Nf6 
8. O-O d6 9. f4 a6 10. Kh1 Bd7 11. Qe1 b5 12. a3 Nxd4 13. Bxd4 Bc6 14. Qg3 O-O 
15. Bd3 Rad8 16. Rae1 Qb7 17. Qh3 h6 18. Re3 b4 19. Rg3 Kh8 20. axb4 Qxb4 
21. Ne2 Qb7 22. f5 Bxe4 23. fxe6 fxe6 24. Nf4 e5 25. Bxe4 Qxe4 26. Ng6+ Kh7 
27. Nxf8+ Rxf8 28. Be3 Qxc2 29. Qe6 Qd3 30. Rgf3 e4 31. Qf5+ g6 32. Qe6 Bd8 
33. Rxf6 Bxf6 34. Rxf6 Rxf6 35. Qxf6 Qxe3 36. Qf7+ Kh8 37. Qf8+ Kh7 
1/2-1/2

[Event "34th Chess Olympiad (women)"]
[Site "Istanbul"]
[Date "2000.11.12"]
[Round "14.19.1"]
[White "Medic, Mirjana"]
[Black "Hund, Barbara"]
[WhiteElo "2294"]
[BlackElo "2292"]
[WhiteCountry "CRO"]
[BlackCountry "SUI"]
[Result "1-0"]

1. d4 Nf6 2. c4 e6 3. Nc3 Bb4 4. e3 O-O 5. Bd3 c5 6. Nf3 cxd4 7. exd4 b6 
8. O-O Bb7 9. Bg5 Be7 10. Rc1 d6 11. Re1 Nbd7 12. h3 h6 13. Bf4 a6 14. Qe2 Re8 
15. Nd2 Bf8 16. Be3 Rc8 17. a3 Rc7 18. Nde4 Qa8 19. Bf4 Nxe4 20. Bxe4 Rec8 
21. Bxb7 Qxb7 22. Ne4 e5 23. dxe5 dxe5 24. Bd2 b5 25. cxb5 Rxc1 26. Rxc1 Rxc1+ 
27. Bxc1 Qxb5 28. Qxb5 axb5 29. b4 Nb6 30. Nc3 f5 31. Nxb5 Kf7 32. Be3 Na4 
33. Kf1 Ke6 34. Ke2 Kd5 35. Kd3 g5 36. Nc3+ Nxc3 37. Kxc3 f4 38. Ba7 e4 
39. a4 Bg7+ 40. Kb3 h5 41. a5 g4 42. hxg4 hxg4 43. a6 e3 44. Bxe3 fxe3 
45. a7 exf2 46. a8=Q+ Ke5 47. Qa6 g3 48. Qd3 Ke6 49. Kc4 
1-0

[Event "34th Chess Olympiad (women)"]
[Site "Istanbul"]
[Date "2000.11.12"]
[Round "14.19.2"]
[White "Ramseier, Jana S"]
[Black "Jelica, Mara"]
[WhiteElo "2156"]
[BlackElo "2192"]
[WhiteCountry "SUI"]
[BlackCountry "CRO"]
[Result "1-0"]

1. d4 Nf6 2. Nf3 g6 3. g3 Bg7 4. Bg2 O-O 5. O-O d6 6. b3 c6 7. Bb2 Bf5 
8. c4 Be4 9. Nc3 d5 10. Ne5 Bxg2 11. Kxg2 Nbd7 12. cxd5 cxd5 13. Qd3 e6 
14. Nf3 a6 15. Rac1 Qe7 16. Rc2 Rad8 17. Rfc1 e5 18. Nxe5 Nxe5 19. dxe5 Qxe5 
20. Na4 d4 21. Qf3 Qd5 22. Rd1 Ne4 23. Ba3 Rfe8 24. Rc7 b5 25. Nb2 Qe6 
26. h4 Nc3 27. Re1 Qd5 28. Nd3 Nxa2 29. Qxd5 Rxd5 30. Ra7 b4 31. Nxb4 Nxb4 
32. Bxb4 Rb5 33. Bd2 Re6 34. Ra8+ Bf8 35. Bh6 
1-0

[Event "34th Chess Olympiad (women)"]
[Site "Istanbul"]
[Date "2000.11.12"]
[Round "14.19.3"]
[White "Bazaj-Bockai, Snjezana"]
[Black "Gruenenwald, Evi"]
[WhiteElo "2162"]
[BlackElo "2038"]
[WhiteCountry "CRO"]
[BlackCountry "SUI"]
[Result "1-0"]

1. e4 c5 2. Nf3 d6 3. d4 cxd4 4. Nxd4 Nf6 5. Nc3 a6 6. Be2 e5 7. Nb3 Be7 
8. O-O O-O 9. Kh1 Be6 10. f4 exf4 11. Bxf4 Nc6 12. Nd4 Nxd4 13. Qxd4 Rc8 
14. Rad1 Rc6 15. Qd3 Qb6 16. Nd5 Bxd5 17. exd5 Rc7 18. b3 Qb4 19. c4 b5 
20. cxb5 axb5 21. Qxb5 Qa3 22. Qb6 Rc2 23. Bf3 Qxa2 24. Rfe1 Bd8 25. Qb7 Bc7 
26. Ra1 Qb2 27. Ra8 Bd8 28. Qb4 Rc3 29. Qxd6 Be7 30. Qa6 Qf2 31. Bg3 Qc5 
32. d6 Bd8 33. Qa3 Qf5 34. Qa2 Rxf3 35. gxf3 Qxf3+ 36. Qg2 Qxb3 37. Bh4 Qc3 
38. Rg1 g6 39. Rf1 Nh5 40. Rxd8 Rxd8 41. Bxd8 
1-0

[Event "34th Chess Olympiad (women)"]
[Site "Istanbul"]
[Date "2000.11.12"]
[Round "14.21.1"]
[White "Mongontuul, Bathuyang"]
[Black "Burijovich, Liliana"]
[WhiteElo "2110"]
[BlackElo "2182"]
[WhiteCountry "MGL"]
[BlackCountry "ARG"]
[Result "1-0"]

1. e4 c5 2. Nf3 e6 3. d4 cxd4 4. Nxd4 Nc6 5. Nc3 Qc7 6. Be2 a6 7. O-O Nf6 
8. Be3 Bb4 9. Na4 O-O 10. Nxc6 bxc6 11. Nb6 Rb8 12. Nxc8 Rfxc8 13. Bxa6 Rf8 
14. Bd3 Bd6 15. f4 e5 16. f5 Rxb2 17. g4 Qa5 18. g5 Bc5 19. gxf6 Bxe3+ 
20. Kh1 Qd8 21. fxg7 Kxg7 22. f6+ Kh8 23. Qh5 Qb8 24. Rae1 Bd2 25. Rd1 Be3 
26. Rf3 Qb6 27. Qxe5 Rb1 28. Rxb1 Qxb1+ 29. Rf1 Qb8 30. Qf5 Rg8 31. e5 Rg6 
32. Qh3 Qxe5 33. Bxg6 Qd5+ 34. Qf3 hxg6 35. Qxd5 cxd5 36. a4 Kh7 37. a5 Kh6 
38. Rd1 Kg5 39. Rxd5+ Kxf6 40. Rxd7 Ke6 41. Rb7 f5 42. a6 f4 43. a7 Kd5 
1-0

[Event "34th Chess Olympiad (women)"]
[Site "Istanbul"]
[Date "2000.11.12"]
[Round "14.21.2"]
[White "Hernandez, Penna Sabina"]
[Black "Anhchimeg, Bayanmonh"]
[WhiteElo "2141"]
[BlackElo "2139"]
[WhiteCountry "ARG"]
[BlackCountry "MGL"]
[Result "1-0"]

1. d4 d5 2. Nf3 Nf6 3. Bg5 c6 4. e3 Bf5 5. Nbd2 Nbd7 6. Be2 e6 7. Ne5 Be7 
8. g4 Bg6 9. h4 h6 10. Nxg6 fxg6 11. Bf4 Nh7 12. g5 hxg5 13. hxg5 Bxg5 
14. Bd3 Qf6 15. Qg4 O-O-O 16. Rxh7 Bxf4 17. Rxh8 Rxh8 18. Qxf4 Qe7 19. O-O-O e5 
20. dxe5 Rh4 21. Qg3 Nxe5 22. Nf3 Nxf3 23. Qxf3 Ra4 24. Kb1 g5 25. Rg1 Qb4 
26. c3 Qh4 27. Qg3 
1-0

[Event "34th Chess Olympiad (women)"]
[Site "Istanbul"]
[Date "2000.11.12"]
[Round "14.21.3"]
[White "Otgonjargal, Sengeravdan"]
[Black "Zuriel, Marisa"]
[WhiteElo "2000"]
[BlackElo "2089"]
[WhiteCountry "MGL"]
[BlackCountry "ARG"]
[Result "1-0"]

1. e4 c5 2. Nf3 d6 3. Bb5+ Bd7 4. Bxd7+ Qxd7 5. c4 Nc6 6. d4 cxd4 7. Nxd4 Nf6 
8. Nc3 g6 9. f3 Bg7 10. Be3 O-O 11. O-O Rfc8 12. b3 Qd8 13. Rc1 Qa5 
14. Qd2 Nxd4 15. Bxd4 a6 16. Rfd1 Nd7 17. Bxg7 Kxg7 18. Qd4+ Kg8 19. Nd5 Qd8 
20. Qe3 a5 21. a3 b6 22. f4 Rc6 23. f5 Rac8 24. Rf1 a4 25. Qf4 Ne5 26. f6 exf6 
27. Nxf6+ Kg7 28. Rc3 b5 29. Rh3 h5 30. g4 Qb6+ 31. Kh1 Rh8 32. gxh5 Qb7 
33. h6+ Kf8 34. Nd5 Qc8 35. Qf6 Rh7 36. Rh4 Qe8 37. cxb5 Rc2 38. Qxd6+ 
1-0

[Event "34th Chess Olympiad (women)"]
[Site "Istanbul"]
[Date "2000.11.12"]
[Round "14.22.1"]
[White "Grosar, Kiti"]
[Black "Koskoska, Gabriela"]
[WhiteElo "2223"]
[BlackElo "2219"]
[WhiteCountry "SLO"]
[BlackCountry "FRM"]
[Result "1-0"]

1. e4 c5 2. Nf3 e6 3. d4 cxd4 4. Nxd4 Qb6 5. Nb3 Qc7 6. Bd3 Nf6 7. Qe2 d5 
8. e5 Nfd7 9. f4 Nc5 10. Nxc5 Bxc5 11. Nc3 a6 12. Bd2 Bd7 13. h4 Nc6 14. Qg4 g6 
15. a3 h5 16. Qh3 O-O-O 17. O-O-O Nd4 18. Be3 Nf5 19. Bxc5 Qxc5 20. Bxf5 gxf5 
21. Ne2 Qf2 22. Qf3 Qxf3 23. gxf3 Rdg8 24. Rhg1 Rg6 25. Rg5 Kd8 26. b3 Ke7 
27. Kb2 Be8 28. Rxg6 fxg6 29. Nd4 Bf7 30. Rd3 Be8 31. Rc3 Bd7 32. a4 Rc8 
33. a5 Kd8 34. Rxc8+ Kxc8 35. Ka3 b6 36. Kb4 Kc7 37. c4 dxc4 38. bxc4 Kb7 
39. axb6 Kxb6 40. c5+ Kb7 41. Ka5 Bc8 42. Kb4 Bd7 43. c6+ Bxc6 44. Kc5 Bd5 
45. Kd6 a5 46. Nxe6 Bxe6 47. Kxe6 a4 48. Kf7 a3 49. e6 a2 50. e7 a1=Q 
51. e8=Q Qh1 52. Qe7+ Kc8 53. Kxg6 Qxf3 54. Qc5+ Kd8 55. Qxf5 Qg4+ 56. Qg5+ Ke8 
57. f5 Kf8 58. Kh6 Qd4 59. Kxh5 Qd1+ 60. Kg6 Ke8 61. Qe3+ Kd8 62. h5 Qd5 
63. Qb6+ 
1-0

[Event "34th Chess Olympiad (women)"]
[Site "Istanbul"]
[Date "2000.11.12"]
[Round "14.22.2"]
[White "Sekulovska, Vesna"]
[Black "Mihevc Mohr, Narcisa"]
[WhiteElo "2120"]
[BlackElo "2170"]
[WhiteCountry "FRM"]
[BlackCountry "SLO"]
[Result "1-0"]

1. d4 Nf6 2. c4 g6 3. Nc3 Bg7 4. e4 d6 5. f3 Nc6 6. Nge2 O-O 7. Be3 a6 
8. Qd2 Rb8 9. Rb1 b5 10. cxb5 axb5 11. b4 Bd7 12. d5 Ne5 13. Nd4 e6 
14. Be2 exd5 15. exd5 Qe8 16. O-O h5 17. Rfe1 Kh7 18. Bg5 Qc8 19. Rbc1 Nc4 
20. Bxc4 bxc4 21. b5 Qb7 22. Nc6 Rbe8 23. a4 Rxe1+ 24. Qxe1 Re8 25. Qh4 Ng8 
26. Qxc4 Qb6+ 27. Kh1 Qf2 28. Ne4 Qb2 29. Bh4 Nh6 30. Qc2 Nf5 31. Bf2 Qa3 
32. Re1 Ra8 33. Ng5+ Kg8 34. a5 Bc3 35. Rc1 Bxc6 36. dxc6 Bxa5 37. g4 hxg4 
38. fxg4 Nh6 39. Rf1 Qb4 40. Nxf7 Qxb5 41. Nxh6+ Kh7 42. Rd1 Kxh6 43. Be3+ Kh7 
44. Qe4 Qe5 45. Qxe5 dxe5 46. Ra1 Kg7 47. Bd2 Bxd2 48. Rxa8 Bb4 49. Kg2 Kf6 
50. Kf3 Be7 51. Rc8 Bd6 52. Ke4 Kg5 53. h3 Kh4 54. Rh8+ Kg5 55. Rh7 Kf6 56. Rd7 
1-0

[Event "34th Chess Olympiad (women)"]
[Site "Istanbul"]
[Date "2000.11.12"]
[Round "14.22.3"]
[White "Krivec, Jana"]
[Black "Janevska, Aleksandra"]
[WhiteElo "2199"]
[BlackElo "2020"]
[WhiteCountry "SLO"]
[BlackCountry "FRM"]
[Result "1/2-1/2"]

1. e4 e5 2. Nc3 Nf6 3. g3 d5 4. exd5 Nxd5 5. Bg2 Nxc3 6. bxc3 Nc6 7. Nf3 Bc5 
8. O-O O-O 9. Qe2 Re8 10. Re1 Bb6 11. d3 Bg4 12. Qe4 Qd7 13. Ng5 Qf5 
14. Qxf5 Bxf5 15. a4 Rad8 16. Bxc6 bxc6 17. a5 Bc5 18. Rb1 f6 19. Ne4 Bxe4 
20. Rxe4 Rb8 21. Rxb8 Rxb8 22. Rc4 Rb5 23. d4 Bd6 24. Be3 Rxa5 25. Rxc6 Kf7 
26. d5 Rxd5 27. Bxa7 Ke7 28. Be3 Ra5 29. Rc4 Ra2 30. f4 Rxc2 31. f5 Kf7 
32. Bf2 g6 33. g4 e4 34. Bg3 e3 35. Kf1 Kg7 36. Rc6 Kh6 37. Bxd6 cxd6 
38. Rxd6 Kg5 39. fxg6 hxg6 40. h4+ Kxh4 41. Rxf6 g5 42. Re6 Rxc3 43. Re4 Rc2 
44. Rxe3 Kxg4 45. Ra3 Kh4 46. Kg1 g4 47. Rb3 Rc4 48. Kg2 Rc2+ 49. Kg1 g3 
50. Rb8 Rc5 51. Rh8+ Rh5 52. Rxh5+ Kxh5 53. Kg2 Kh4 54. Kg1 Kh3 55. Kh1 g2+ 
1/2-1/2

[Event "34th Chess Olympiad (women)"]
[Site "Istanbul"]
[Date "2000.11.12"]
[Round "14.23.1"]
[White "Milligan, Helen"]
[Black "Paasikangas-Tella, Johanna"]
[WhiteElo "2123"]
[BlackElo "2301"]
[WhiteCountry "SCO"]
[BlackCountry "FIN"]
[Result "0-1"]

1. e4 c5 2. Nf3 d6 3. d4 cxd4 4. Nxd4 Nf6 5. Nc3 a6 6. f4 e6 7. Qf3 Qb6 
8. Nb3 Nbd7 9. Be3 Qc7 10. g4 h6 11. h4 b5 12. Bd3 b4 13. Ne2 Bb7 14. O-O-O Nc5 
15. Bxc5 dxc5 16. Nd2 Nd7 17. Nc4 a5 18. Rhf1 a4 19. Qf2 a3 20. b3 Be7 
21. e5 Bd5 22. Ng3 O-O-O 23. Nd6+ Bxd6 24. Ba6+ Kb8 25. exd6 Qxd6 26. Qe2 Qb6 
27. f5 Ka7 28. fxe6 Bxe6 29. Bc4 Rhe8 30. Bxe6 Rxe6 31. Qd3 f6 32. Nf5 Ree8 
33. Nxg7 Rg8 34. Qh7 c4 35. Nf5 Qc7 36. Qe7 cxb3 37. axb3 a2 38. Qe3+ Nb6 
39. Kb2 Rge8 40. Qg3 Qc6 41. Ra1 Re2 42. Rxa2+ Kb7 43. Rc1 Rd1 44. Kb1 Qd5 
45. Qf4 Ree1 46. Nd6+ Qxd6 47. Qf3+ Qd5 
0-1

[Event "34th Chess Olympiad (women)"]
[Site "Istanbul"]
[Date "2000.11.12"]
[Round "14.23.2"]
[White "Rantanen, Tanja"]
[Black "Rutherford, Elaine"]
[WhiteElo "2120"]
[BlackElo "2050"]
[WhiteCountry "FIN"]
[BlackCountry "SCO"]
[Result "1-0"]

1. e4 c5 2. c3 d5 3. exd5 Qxd5 4. d4 Nc6 5. Nf3 cxd4 6. cxd4 e5 7. Nc3 Bb4 
8. Bd2 Bxc3 9. Bxc3 e4 10. Ne5 Nxe5 11. dxe5 Ne7 12. Qe2 O-O 13. Rd1 Qxa2 
14. Bb4 Qe6 15. Qxe4 Bd7 16. Bd3 Ng6 17. Bxf8 Bc6 18. Qf5 Rxf8 19. Qxe6 fxe6 
20. Bxg6 hxg6 21. O-O Rf4 22. Rfe1 Kf7 23. f3 Rb4 24. Rd2 a6 25. Kf2 Rh4 
26. h3 Rb4 27. Ke3 Bd5 28. Rc1 Bc6 29. Rc3 Rb5 30. Kf4 g5+ 31. Kxg5 Rxe5+ 
32. Kf4 Kf6 33. g4 Re1 34. h4 Ra1 35. Rc5 e5+ 36. Ke3 Re1+ 37. Kf2 Rh1 
38. h5 Rh2+ 39. Ke3 Rxd2 40. Kxd2 Bxf3 41. g5+ Kxg5 42. Rxe5+ Kh6 43. Re7 b5 
44. Re6+ Kxh5 45. Rxa6 Bd5 46. Rb6 Bc4 47. b3 Bf1 48. Ke1 Bd3 49. Rd6 Be4 
50. Re6 Bd3 51. Re3 Bc2 52. Re5+ g5 53. Rxb5 Kh4 54. Kf2 g4 55. b4 Be4 
56. Re5 Bb7 57. b5 g3+ 58. Kg1 
1-0